[Event "EU-Cup 36th"]
[Site "Struga"]
[Date "2021.09.22"]
[Round "5.3"]
[White "Van Twillert, Laurents"]
[Black "Nordstrom, Felix"]
[Result "1-0"]
[WhiteElo "2082"]
[BlackElo "2083"]
[PlyCount "77"]
[EventDate "2021.09.18"]
[EventType "team-swiss"]
[EventRounds "7"]
[EventCountry "MKD"]
[SourceTitle "CBM 204 Extra"]
[Source "ChessBase"]
[SourceDate "2021.11.30"]
[SourceVersion "1"]
[SourceVersionDate "2021.11.30"]
[SourceQuality "1"]
[WhiteTeam "En Passant"]
[BlackTeam "Wasa"]
[WhiteTeamCountry "NED"]
[BlackTeamCountry "SWE"]

1. e4 c5 2. Nf3 d6 3. Bb5+ Bd7 4. Bxd7+ Qxd7 5. 0-0 Nc6 6. c3 Nf6 7. Re1 e6 8. d4 cxd4 9. cxd4 d5 10. e5 Ne4 11. Nbd2 Nxd2 12. Bxd2 Be7 13. a3 0-0 14. Rc1 Rac8 15. Rc3 a6 16. Rd3 f5 17. exf6 Bxf6 18. Bg5 h6 19. Bd2 Rfe8 20. Ne5 Bxe5 21. dxe5 Ne7 22. Qh5 Rf8 23. Qh3 Nf5 24. g4 Ne7 25. f4 Rc4 26. Qg3 Rfc8 27. Rf1 Re4 28. Bc3 Rcc4 29. h3 d4 30. Bd2 Qd5 31. f5 Qxe5 32. Bf4 Qd5 33. f6 gxf6 34. Bxh6 Rc2 35. Rd2 Rxd2 36. Bxd2 Re2 37. Bb4 Nc6 38. Rxf6 Nxb4 39. Qb8+ 1-0

[Event "EU-Cup 36th"]
[Site "Struga"]
[Date "2021.09.21"]
[Round "4.3"]
[White "Salihu, Sami"]
[Black "Van Twillert, Laurents"]
[Result "1/2-1/2"]
[WhiteElo "2207"]
[BlackElo "2082"]
[PlyCount "61"]
[EventDate "2021.09.18"]
[EventType "team-swiss"]
[EventRounds "7"]
[EventCountry "MKD"]
[SourceTitle "CBM 204 Extra"]
[Source "ChessBase"]
[SourceDate "2021.11.30"]
[SourceVersion "1"]
[SourceVersionDate "2021.11.30"]
[SourceQuality "1"]
[WhiteTeam "Dardania"]
[BlackTeam "En Passant"]
[WhiteTeamCountry "KOS"]
[BlackTeamCountry "NED"]

1. e4 c5 2. Nf3 Nf6 3. Nc3 d5 4. exd5 Nxd5 5. Bb5+ Bd7 6. Bc4 Nxc3 7. dxc3 Nc6 8. 0-0 Qc7 9. Ng5 e6 10. Qh5 Nd8 11. Nxh7 Ke7 12. Be3 b6 13. h3 f6 14. Qg6 Be8 15. Qe4 Bc6 16. Qd3 Nf7 17. Nxf8 Raxf8 18. Qe2 Ne5 19. Bf4 Rh4 20. Bxe5 fxe5 21. Bb5 Re4 22. Qd3 c4 23. Bxc6 cxd3 24. Bxe4 dxc2 25. Bxc2 g5 26. Rad1 Qc4 27. Bb3 Qf4 28. Rde1 Rd8 29. Rd1 Rxd1 30. Rxd1 e4 31. Rd4 1/2-1/2

[Event "EU-Cup 36th"]
[Site "Struga"]
[Date "2021.09.19"]
[Round "2.18"]
[White "Kanyamarala, Tarun"]
[Black "Van Twillert, Laurents"]
[Result "1-0"]
[WhiteElo "2275"]
[BlackElo "2082"]
[PlyCount "43"]
[EventDate "2021.09.18"]
[EventType "team-swiss"]
[EventRounds "7"]
[EventCountry "MKD"]
[SourceTitle "CBM 204 Extra"]
[Source "ChessBase"]
[SourceDate "2021.11.30"]
[SourceVersion "1"]
[SourceVersionDate "2021.11.30"]
[SourceQuality "1"]
[WhiteTeam "Gonzaga"]
[BlackTeam "En Passant"]
[WhiteTeamCountry "IRL"]
[BlackTeamCountry "NED"]

1. d4 d5 2. c4 c6 3. Nf3 Nf6 4. Nc3 e6 5. Qd3 Nbd7 6. g3 Bd6 7. Bg2 0-0 8. 0-0 dxc4 9. Qxc4 e5 10. Rd1 Qe7 11. Qb3 exd4 12. Nxd4 Bc5 13. h3 Ne5 14. Be3 Rb8 15. Na4 Bxd4 16. Bxd4 Be6 17. Qc2 Ned7 18. Nc5 Rfd8 19. e3 Nxc5 20. Bxc5 Qe8 21. f4 Nd7 22. Bd6 1-0

[Event "EU-Cup 35th"]
[Site "Ulcinj"]
[Date "2019.11.12"]
[Round "3.12"]
[White "Van Twillert, Laurents"]
[Black "De Jong, Jan Willem"]
[Result "0-1"]
[WhiteElo "2141"]
[BlackElo "2446"]
[PlyCount "44"]
[EventDate "2019.11.10"]
[EventType "team-swiss"]
[EventRounds "7"]
[EventCountry "MNE"]
[SourceTitle "CBM 193 Extra"]
[Source "ChessBase"]
[SourceDate "2020.01.31"]
[SourceVersion "1"]
[SourceVersionDate "2020.01.31"]
[SourceQuality "1"]
[WhiteTeam "En Passant"]
[BlackTeam "Leiden LSG"]
[WhiteTeamCountry "NED"]
[BlackTeamCountry "NED"]

1. e4 e5 2. Nf3 Nc6 3. d4 exd4 4. Nxd4 Bc5 5. Be3 Qf6 6. c3 Nge7 7. Bc4 Bb6 8. 0-0 0-0 9. f4 d5 10. exd5 Nxd4 11. Bxd4 Nf5 12. Bf2 Bxf2+ 13. Rxf2 Ne3 14. Qe2 Re8 15. Na3 Bd7 16. Qd2 Rad8 17. Rf3 Qb6 18. Kh1 Bc6 19. Re1 Nxd5 20. Rxe8+ Rxe8 21. Bxd5 Qxb2 22. Qxb2 Re1+ 0-1

[Event "EU-Cup 34th"]
[Site "Porto Carras"]
[Date "2018.10.12"]
[Round "1.3"]
[White "Van Twillert, Laurents"]
[Black "Haug, Johannes"]
[Result "1-0"]
[WhiteElo "2117"]
[BlackElo "2391"]
[PlyCount "67"]
[EventDate "2018.10.12"]
[EventType "team-swiss"]
[EventRounds "7"]
[EventCountry "GRE"]
[SourceTitle "CBM 187"]
[Source "ChessBase"]
[SourceDate "2018.12.11"]
[SourceVersion "1"]
[SourceVersionDate "2018.12.11"]
[SourceQuality "1"]
[WhiteTeam "En Passant"]
[BlackTeam "Nordstrand"]
[WhiteTeamCountry "NED"]
[BlackTeamCountry "NOR"]

1. e4 e6 2. d4 d5 3. exd5 exd5 4. Nf3 Bd6 5. Bd3 Nc6 6. 0-0 Bg4 7. c3 Nge7 8. Bg5 f6 9. Bh4 Qd7 10. Nbd2 0-0-0 11. b4 Nf5 12. Bg3 Nxg3 13. fxg3 h5 14. Nb3 h4 15. gxh4 g5 16. Nc5 Bxc5 17. bxc5 gxh4 18. Qa4 Rdg8 19. Rab1 Qg7 20. Ne1 Bd7 21. Rf2 Rh5 22. Qb5 Nd8 23. Qa5 Nc6 24. Qb5 Nd8 25. Qa5 Kb8 26. Ba6 Bc6 27. Rfb2 Ka8 28. Bf1 h3 29. Qa6 hxg2 30. Bxg2 Qh6 31. Nf3 Ne6 32. Rxb7 Rxg2+ 33. Kxg2 Qg6+ 34. Kf1 1-0

[Event "NED-chT 1718"]
[Site "Netherlands"]
[Date "2017.12.16"]
[Round "5.9"]
[White "Van Twillert, Laurents"]
[Black "Dek, Lennart"]
[Result "1-0"]
[WhiteElo "2049"]
[BlackElo "2300"]
[PlyCount "146"]
[EventDate "2017.09.16"]
[EventType "team-tourn"]
[EventRounds "9"]
[EventCountry "NED"]
[SourceTitle "EXT 2019"]
[Source "ChessBase"]
[SourceDate "2018.10.10"]
[SourceVersion "1"]
[SourceVersionDate "2018.10.10"]
[SourceQuality "1"]
[WhiteTeam "En Passant"]
[BlackTeam "Kennemer Combinatie"]
[WhiteTeamCountry "NED"]
[BlackTeamCountry "NED"]

1. e4 c5 2. Nf3 Nc6 3. Bb5 Nf6 4. Nc3 Qc7 5. 0-0 a6 6. Bxc6 dxc6 7. a4 e5 8. a5 Be6 9. Qe2 h6 10. d3 Bd6 11. Nd2 Qd8 12. Nc4 Bc7 13. Na4 Bxc4 14. dxc4 Bxa5 15. Nxc5 Rb8 16. Rd1 Qc7 17. Nb3 Bb6 18. c5 Ba7 19. f3 0-0 20. Be3 Rbd8 21. Kf1 Rxd1+ 22. Rxd1 Rd8 23. Rxd8+ Qxd8 24. Ke1 Bb8 25. Qd2 Bc7 26. Qxd8+ Bxd8 27. Kd2 Nd7 28. Kc3 Kf8 29. Kc4 Ke7 30. Bd2 Bc7 31. Bc3 g6 32. Ba5 Bd8 33. Bd2 h5 34. Bg5+ f6 35. Be3 Kf7 36. Bd2 Nf8 37. Nc1 Ne6 38. Be3 f5 39. Nd3 Kf6 40. b4 g5 41. exf5 Kxf5 42. Nf2 g4 43. Ne4 Kg6 44. fxg4 hxg4 45. h3 gxh3 46. gxh3 Kh5 47. Nd6 b6 48. Nc8 b5+ 49. Kd3 a5 50. Na7 a4 51. Nxc6 Nf4+ 52. Ke4 Ne2 53. Na5 Bxa5 54. bxa5 a3 55. c6 a2 56. c7 a1Q 57. c8Q Ng3+ 58. Kf3 Qf1+ 59. Kxg3 Qe1+ 60. Bf2 Qxa5 61. Qf5+ Kh6 62. Be3+ Kg7 63. Qxe5+ Kf7 64. Qf5+ Kg7 65. Bd4+ Kh6 66. Qf6+ Kh5 67. c3 Qa1 68. Qf5+ Kh6 69. Qf6+ Kh5 70. h4 Qe1+ 71. Bf2 Qd2 72. Qe5+ Kg6 73. Qe4+ Kg7 1-0